[Event "Hilversum op"]
[Site "Hilversum"]
[Date "2023.06.23"]
[Round "2"]
[White "Overeem, Marc"]
[Black "Korneev, Oleg"]
[Result "0-1"]
[WhiteElo "2123"]
[BlackElo "2466"]
[PlyCount "49"]
[EventDate "2023.06.23"]
[EventType "swiss"]
[EventRounds "6"]
[EventCountry "NED"]
[SourceTitle "CBM 214 Extra"]
[Source "ChessBase"]
[SourceDate "2023.07.31"]
[SourceVersion "1"]
[SourceVersionDate "2023.07.31"]
[SourceQuality "1"]

1. d4 d5 2. Nf3 Nf6 3. Bf4 c5 4. e3 Nc6 5. Nbd2 cxd4 6. exd4 Bg4 7. c3 e6 8. Qb3 Bd6 9. Bxd6 Qxd6 10. Bb5 0-0 11. 0-0 a6 12. Bd3 b5 13. a3 Qc7 14. Rfe1 Na5 15. Qc2 Bxf3 16. Nxf3 Nc4 17. Ne5 Rad8 18. a4 g6 19. axb5 axb5 20. h3 Ra8 21. Qb3 Rxa1 22. Rxa1 Nxe5 23. dxe5 Qxe5 24. Bxb5 Rb8 25. Qa4 0-1

[Event "Utrecht OKU op 48th"]
[Site "Utrecht"]
[Date "2023.05.19"]
[Round "2"]
[White "Van de Griendt, Jan Willem"]
[Black "Overeem, Marc"]
[Result "1-0"]
[WhiteElo "2365"]
[BlackElo "2123"]
[PlyCount "89"]
[EventDate "2023.05.19"]
[EventType "swiss"]
[EventRounds "6"]
[EventCountry "NED"]
[SourceTitle "CBM 214 Extra"]
[Source "ChessBase"]
[SourceDate "2023.07.31"]
[SourceVersion "1"]
[SourceVersionDate "2023.07.31"]
[SourceQuality "1"]

1. d4 d5 2. c4 e6 3. Nf3 Nf6 4. g3 Bb4+ 5. Bd2 Be7 6. Bg2 0-0 7. 0-0 c6 8. Qc2 Nbd7 9. Bf4 b6 10. Rd1 Bb7 11. Nc3 dxc4 12. Nd2 Nd5 13. Nxc4 Nxf4 14. gxf4 Qc7 15. e3 Rad8 16. Rac1 c5 17. Bxb7 Qxb7 18. dxc5 Nxc5 19. b4 Nd7 20. b5 f5 21. Ne2 Bf6 22. Rd6 Qf3 23. Rcd1 Nc5 24. Ne5 Qa8 25. Nc6 Rxd6 26. Rxd6 Re8 27. f3 Be7 28. Rd1 a6 29. a4 axb5 30. axb5 Qa3 31. Qc1 Qxc1 32. Rxc1 Bf6 33. Rd1 Ra8 34. Rd6 Ra1+ 35. Kf2 Ra2 36. Ncd4 Bxd4 37. exd4 Na4 38. Rxe6 Nc3 39. Ke1 Nxb5 40. Rxb6 Ra5 41. Kd2 Kf7 42. Kd3 Ke7 43. Rb7+ Kf6 44. Nc3 Ra3 45. Rxb5 1-0

[Event "Hoorn Oscar Romero op"]
[Site "Hoorn"]
[Date "2022.08.28"]
[Round "6"]
[White "De Winter, Arthur"]
[Black "Overeem, Marc"]
[Result "1/2-1/2"]
[WhiteElo "2150"]
[BlackElo "2142"]
[PlyCount "41"]
[EventDate "2022.08.26"]
[EventType "swiss"]
[EventRounds "6"]
[EventCountry "NED"]
[SourceTitle "EXT 2023"]
[Source "ChessBase"]
[SourceDate "2022.10.05"]
[SourceVersion "1"]
[SourceVersionDate "2022.10.05"]
[SourceQuality "1"]

1. e4 d5 2. exd5 Qxd5 3. Nc3 Qd6 4. d4 Nf6 5. Nf3 c6 6. Ne5 Nbd7 7. Nc4 Qc7 8. Qf3 Nb6 9. Ne5 Be6 10. Bd3 g6 11. 0-0 Bg7 12. Bf4 Qd8 13. Ne2 0-0 14. h3 Nbd5 15. c3 Qb6 16. Nc4 Qd8 17. Ne5 Qb6 18. Nc4 Qd8 19. Ne5 Qb6 20. Nc4 Qd8 21. Ne5 1/2-1/2

[Event "Hoorn Oscar Romero op"]
[Site "Hoorn"]
[Date "2022.08.28"]
[Round "5"]
[White "Overeem, Marc"]
[Black "Tabak, Stefan"]
[Result "1-0"]
[WhiteElo "2142"]
[BlackElo "2181"]
[PlyCount "61"]
[EventDate "2022.08.26"]
[EventType "swiss"]
[EventRounds "6"]
[EventCountry "NED"]
[SourceTitle "EXT 2023"]
[Source "ChessBase"]
[SourceDate "2022.10.05"]
[SourceVersion "1"]
[SourceVersionDate "2022.10.05"]
[SourceQuality "1"]

1. Nf3 d5 2. g3 Nf6 3. Bg2 c5 4. 0-0 Nc6 5. d4 cxd4 6. Nxd4 Qb6 7. Nxc6 bxc6 8. c4 e6 9. Nc3 Be7 10. cxd5 exd5 11. e4 dxe4 12. Nxe4 0-0 13. Be3 Qa5 14. Nc3 Rb8 15. Qa4 Qh5 16. Bxa7 Rxb2 17. Ne4 Ng4 18. h3 Ne5 19. g4 Bxg4 20. hxg4 Nxg4 21. Rfe1 Qh2+ 22. Kf1 c5 23. Rab1 Rxb1 24. Rxb1 f5 25. Nxc5 f4 26. Qc4+ Kh8 27. Ne6 Ne3+ 28. Bxe3 f3 29. Bxf3 Rxf3 30. Qc8+ Bf8 31. Nxf8 1-0

[Event "Hilversum op"]
[Site "Hilversum"]
[Date "2019.06.22"]
[Round "4"]
[White "Miedema, David"]
[Black "Overeem, Marc"]
[Result "1-0"]
[WhiteElo "2374"]
[BlackElo "2158"]
[PlyCount "32"]
[EventDate "2019.06.21"]
[EventType "swiss"]
[EventRounds "6"]
[EventCountry "NED"]
[SourceTitle "CBM 191 Extra"]
[Source "ChessBase"]
[SourceDate "2019.09.30"]
[SourceVersion "1"]
[SourceVersionDate "2019.09.30"]
[SourceQuality "1"]

1. e4 c5 2. Nf3 e6 3. d4 cxd4 4. Nxd4 Nc6 5. Nc3 Qc7 6. Be3 a6 7. Qf3 Nf6 8. 0-0-0 Ne5 9. Qg3 h5 10. h4 b5 11. Kb1 Bb7 12. f3 Rc8 13. Bxb5 Nxe4 14. fxe4 Ng4 15. Bf4 e5 16. Ne6 fxe6 1-0

[Event "Hilversum op"]
[Site "Hilversum"]
[Date "2017.06.25"]
[Round "5"]
[White "Overeem, Marc"]
[Black "Jacobs, Florian"]
[Result "1-0"]
[WhiteElo "2212"]
[BlackElo "2270"]
[PlyCount "115"]
[EventDate "2017.06.23"]
[EventType "swiss"]
[EventRounds "6"]
[EventCountry "NED"]
[SourceTitle "CBM 179 Extra"]
[Source "ChessBase"]
[SourceDate "2017.08.23"]
[SourceVersion "1"]
[SourceVersionDate "2017.08.23"]
[SourceQuality "1"]

1. Nf3 Nf6 2. g3 g6 3. b3 Bg7 4. Bb2 0-0 5. Bg2 d6 6. d4 c5 7. 0-0 cxd4 8. Nxd4 d5 9. c4 e5 10. Nf3 e4 11. Nd4 dxc4 12. bxc4 a6 13. Qb3 Qc7 14. Nd2 Re8 15. e3 Nc6 16. Rab1 Bd7 17. Ba1 Nxd4 18. Bxd4 Bc6 19. Qb2 Nh5 20. Bxg7 Nxg7 21. Rfd1 f5 22. Nb3 Ne6 23. Nd4 Nc5 24. Bf1 Rac8 25. Rd2 Qe5 26. Qa3 Re7 27. Rbd1 Be8 28. Nb3 Rec7 29. Rd8 Nd3 30. Rxc8 Rxc8 31. Bxd3 exd3 32. Nd4 Bf7 33. Qxd3 Bxc4 34. Qd2 Bf7 35. Rc1 Rxc1+ 36. Qxc1 Qe4 37. f3 Qd3 38. h4 Bc4 39. h5 gxh5 40. Nxf5 b5 41. e4 Qd8 42. Qh6 Qf8 43. Qxa6 h4 44. gxh4 Qd8 45. Qd6 Qe8 46. a3 Qg6+ 47. Kf2 Qe8 48. Qe7 Qxe7 49. Nxe7+ Kf7 50. Nf5 Ke6 51. Ke3 Kd7 52. Kd4 Be2 53. f4 Kc6 54. Ne3 Kb6 55. f5 Ka5 56. e5 Ka4 57. e6 Kxa3 58. f6 1-0

[Event "Leiden op-A 10th"]
[Site "Leiden"]
[Date "2016.07.15"]
[Round "1"]
[White "Overeem, Marc"]
[Black "Postny, Evgeny"]
[Result "0-1"]
[WhiteElo "2178"]
[BlackElo "2625"]
[PlyCount "102"]
[EventDate "2016.07.15"]
[EventType "swiss"]
[EventRounds "9"]
[EventCountry "NED"]
[SourceTitle "CBM 173 Extra"]
[Source "ChessBase"]
[SourceDate "2016.08.29"]
[SourceVersion "1"]
[SourceVersionDate "2016.08.29"]
[SourceQuality "1"]

1. Nf3 Nf6 2. g3 b5 3. Bg2 Bb7 4. 0-0 e6 5. d3 Be7 6. e4 d6 7. Re1 0-0 8. a4 b4 9. Nbd2 Nbd7 10. Nc4 a5 11. Nfd2 d5 12. exd5 exd5 13. Ne3 g6 14. b3 Re8 15. Bb2 Bf8 16. Nf3 Bg7 17. h3 c6 18. Rb1 h5 19. Nf1 Qc7 20. Rxe8+ Rxe8 21. Bc1 c5 22. Bf4 Qd8 23. Qd2 c4 24. Nd4 Nc5 25. Nb5 c3 26. Qd1 Ne6 27. Be5 Nh7 28. Bxg7 Kxg7 29. Ne3 Nf6 30. h4 Qb6 31. d4 Bc6 32. Qf3 Nxd4 33. Nxd4 Qxd4 34. Rd1 Qe5 35. Qf4 Qxf4 36. gxf4 Rd8 37. Rd4 Ng4 38. Bf3 Nxe3 39. fxe3 Rd7 40. Kf2 Kf6 41. Be2 Ke7 42. Ke1 Kd6 43. Bf3 Re7 44. Ke2 Kc5 45. Kf2 Re6 46. Rd1 Rd6 47. Rd4 Bd7 48. Ke1 Bf5 49. Kd1 Be4 50. Be2 Rf6 51. Kc1 Rxf4 0-1

[Event "Hilversum op"]
[Site "Hilversum"]
[Date "2016.06.18"]
[Round "3"]
[White "Warmerdam, Max"]
[Black "Overeem, Marc"]
[Result "1-0"]
[WhiteElo "2382"]
[BlackElo "2193"]
[PlyCount "55"]
[EventDate "2016.06.17"]
[EventType "swiss"]
[EventRounds "6"]
[EventCountry "NED"]
[SourceTitle "CBM 173 Extra"]
[Source "ChessBase"]
[SourceDate "2016.08.29"]
[SourceVersion "1"]
[SourceVersionDate "2016.08.29"]
[SourceQuality "1"]

1. e4 c6 2. d4 d5 3. e5 Bf5 4. Nf3 e6 5. Be2 Nd7 6. 0-0 h6 7. Nbd2 Ne7 8. Nb3 g5 9. Ne1 Qc7 10. a4 Bg7 11. a5 0-0 12. Nd3 b6 13. f4 gxf4 14. Nxf4 c5 15. Nh5 c4 16. Nxg7 Kxg7 17. Nd2 c3 18. Nf3 cxb2 19. Bxb2 Ng6 20. Bd3 Bxd3 21. cxd3 bxa5 22. Qd2 f5 23. Rxa5 f4 24. Rfa1 Rf7 25. Ra6 Nb6 26. Ba3 Rd8 27. Bc5 Nc8 28. Rxe6 1-0

[Event "Delft Prinsenstad op 9th"]
[Site "Delft"]
[Date "2016.03.26"]
[Round "3"]
[White "Reinderman, Dimitri"]
[Black "Overeem, Marc"]
[Result "1-0"]
[WhiteElo "2599"]
[BlackElo "2220"]
[PlyCount "65"]
[EventDate "2016.03.25"]
[EventType "swiss"]
[EventRounds "6"]
[EventCountry "NED"]
[SourceTitle "CBM 171 Extra"]
[Source "ChessBase"]
[SourceDate "2016.04.26"]
[SourceVersion "1"]
[SourceVersionDate "2016.04.26"]
[SourceQuality "1"]

1. c4 e6 2. Nf3 d5 3. b3 Nf6 4. g3 c5 5. Bg2 Nc6 6. 0-0 d4 7. e3 e5 8. exd4 exd4 9. d3 Be7 10. Bf4 0-0 11. Ne5 Nxe5 12. Bxe5 Bd6 13. Bxf6 Qxf6 14. Nd2 Bf5 15. Be4 Bg6 16. f4 Bxe4 17. Nxe4 Qd8 18. Qh5 f5 19. Nxd6 Qxd6 20. Rae1 Rf7 21. Re5 Raf8 22. Rfe1 Qa6 23. R1e2 Qa5 24. Qf3 g6 25. Re7 b6 26. h4 Kg7 27. h5 Qc3 28. Qd5 Qc1+ 29. Kg2 Rxe7 30. Rxe7+ Kh6 31. Qe5 Qc2+ 32. Kh3 Rg8 33. Qf6 1-0

[Event "Delft Prinsenstad op-A 8th"]
[Site "Delft"]
[Date "2015.04.05"]
[Round "5"]
[White "Overeem, Marc"]
[Black "Kokje, Joris"]
[Result "1-0"]
[WhiteElo "2187"]
[BlackElo "1960"]
[PlyCount "101"]
[EventDate "2015.04.03"]
[EventType "swiss"]
[EventRounds "6"]
[EventCountry "NED"]
[SourceTitle "CBM 165 Extra"]
[Source "ChessBase"]
[SourceDate "2015.04.21"]
[SourceVersion "1"]
[SourceVersionDate "2015.04.21"]
[SourceQuality "1"]

1. c4 f5 2. g3 Nf6 3. Bg2 e6 4. Nf3 Be7 5. 0-0 0-0 6. Nc3 d6 7. b4 Nbd7 8. d3 h6 9. Qc2 Qe8 10. Bb2 e5 11. a4 g5 12. Nb5 Bd8 13. c5 dxc5 14. bxc5 a6 15. Na3 c6 16. Nc4 Bc7 17. Nd6 Bxd6 18. cxd6 Qe6 19. e4 f4 20. gxf4 gxf4 21. d4 Kh7 22. Nxe5 Nxe5 23. dxe5 f3 24. Bxf3 Ng4 25. Bg2 Rg8 26. Qc3 Qg6 27. Qg3 Qh5 28. f4 Nxe5 29. Bxe5 Bh3 30. Rae1 Bxg2 31. Kxg2 Qf7 32. f5 c5 33. Ba1 Rxg3+ 34. hxg3 Rg8 35. Rd1 Qc4 36. Rfe1 Qc2+ 37. Kh3 Qf2 38. Be5 Rg5 39. Bf4 Rg8 40. d7 h5 41. Rf1 Qe2 42. Rfe1 Qf2 43. Re3 c4 44. d8Q Rxd8 45. Rxd8 Qf1+ 46. Kh4 Qh1+ 47. Kg5 Qh3 48. Rd7+ Kg8 49. Kg6 Qg4+ 50. Bg5 Kf8 51. Rd8# 1-0

[Event "Leiden LCT op-A 7th"]
[Site "Leiden"]
[Date "2013.07.20"]
[Round "8"]
[White "Overeem, Marc"]
[Black "Wilschut, Peter"]
[Result "0-1"]
[WhiteElo "2139"]
[BlackElo "2232"]
[PlyCount "112"]
[EventDate "2013.07.12"]
[EventType "swiss"]
[EventRounds "9"]
[EventCountry "NED"]
[SourceTitle "CBM 155 Extra"]
[Source "ChessBase"]
[SourceDate "2013.08.26"]
[SourceVersion "1"]
[SourceVersionDate "2013.08.26"]
[SourceQuality "1"]

1. Nf3 Nf6 2. g3 d5 3. Bg2 c6 4. 0-0 g6 5. b3 Bg7 6. Bb2 0-0 7. c4 Bg4 8. d3 a5 9. a3 Bxf3 10. Bxf3 e6 11. Nd2 Nbd7 12. Rc1 Qb6 13. Qc2 Rfd8 14. Rfd1 Ne8 15. Bxg7 Kxg7 16. c5 Qc7 17. Qb2+ Qe5 18. d4 Qc7 19. b4 axb4 20. axb4 b6 21. Nb3 Kg8 22. Ra1 Qb7 23. Qc3 bxc5 24. Nxc5 Nxc5 25. bxc5 Nf6 26. Rdb1 Qc7 27. e3 Kg7 28. Rb4 Rxa1+ 29. Qxa1 Rb8 30. Qb2 Rxb4 31. Qxb4 Nd7 32. Be2 e5 33. Ba6 exd4 34. exd4 Nf6 35. Bd3 Qe7 36. Kf1 Qe6 37. Kg2 Qg4 38. f3 Qe6 39. Kf2 Nd7 40. Qe1 Qf6 41. Qc3 Nf8 42. Ba6 Ne6 43. Ke3 h5 44. Bc8 Nc7 45. Bh3 h4 46. Bf1 Kh7 47. Be2 Ne6 48. Qb4 Ng7 49. Bd3 hxg3 50. hxg3 Nh5 51. g4 Qf4+ 52. Ke2 Qh2+ 53. Kd1 Nf4 54. Qb7 Kg7 55. Ba6 Qg1+ 56. Kc2 Ne6 0-1

[Event "Leiden LCT op-A 7th"]
[Site "Leiden"]
[Date "2013.07.18"]
[Round "6"]
[White "Overeem, Marc"]
[Black "Fernandez Fernandez, Juan Carlos"]
[Result "1-0"]
[WhiteElo "2139"]
[BlackElo "2079"]
[PlyCount "107"]
[EventDate "2013.07.12"]
[EventType "swiss"]
[EventRounds "9"]
[EventCountry "NED"]
[SourceTitle "CBM 155 Extra"]
[Source "ChessBase"]
[SourceDate "2013.08.26"]
[SourceVersion "1"]
[SourceVersionDate "2013.08.26"]
[SourceQuality "1"]

1. c4 c6 2. e4 d5 3. exd5 cxd5 4. d4 Nf6 5. Nc3 Nc6 6. Bg5 Qa5 7. Nf3 Bg4 8. Bxf6 exf6 9. cxd5 Bb4 10. Qd2 Bxf3 11. gxf3 Bxc3 12. bxc3 Qxd5 13. Be2 0-0 14. 0-0 Rfe8 15. Rfd1 Rad8 16. Rab1 Ne5 17. Kg2 Ng6 18. Rb5 Qd6 19. Kh1 Nf4 20. Bf1 g5 21. Re1 Rxe1 22. Qxe1 Qc6 23. Qe4 Qxc3 24. Rxb7 Qa1 25. Kg1 Qxa2 26. Qe7 Rf8 27. Qxf6 Qd5 28. Rb5 Nh3+ 29. Kh1 Qd7 30. Rf5 Nf4 31. Rxg5+ Ng6 32. h4 h6 33. Rg4 h5 34. Rxg6+ fxg6 35. Bc4+ Rf7 36. Qxg6+ Kf8 37. Bxf7 Qxf7 38. Qh6+ Kg8 39. Qg5+ Kf8 40. Qc5+ Kg8 41. Qc6 a5 42. Qa8+ Kg7 43. Qxa5 Qxf3+ 44. Kg1 Qg4+ 45. Kf1 Qxh4 46. Qe5+ Kf7 47. Ke1 Qg4 48. Qc7+ Kf8 49. Qd8+ Kf7 50. Qd5+ Kf8 51. f3 Qg3+ 52. Ke2 h4 53. Qf5+ Kg8 54. Qg4+ 1-0

[Event "Amsterdam Science Park op-A 1st"]
[Site "Amsterdam"]
[Date "2011.07.15"]
[Round "7"]
[White "Overeem, Marc"]
[Black "Burton, Graham P"]
[Result "1-0"]
[WhiteElo "2158"]
[BlackElo "2051"]
[PlyCount "63"]
[EventDate "2011.07.09"]
[EventType "swiss"]
[EventRounds "9"]
[EventCountry "NED"]
[SourceTitle "CBM 143 Extra"]
[Source "ChessBase"]
[SourceDate "2011.08.29"]
[SourceVersion "1"]
[SourceVersionDate "2011.08.29"]
[SourceQuality "1"]

1. c4 e5 2. g3 Nc6 3. Nc3 g6 4. Bg2 Bg7 5. d3 d6 6. e4 Nd4 7. Nce2 Nxe2 8. Nxe2 Be6 9. 0-0 Qd7 10. f4 Ne7 11. f5 gxf5 12. exf5 Nxf5 13. Bxb7 Rb8 14. Bg2 0-0 15. Nc3 Nd4 16. Rf2 Bg4 17. Qf1 f5 18. Be3 e4 19. dxe4 fxe4 20. Bxe4 Bh3 21. Qd3 c5 22. Rxf8+ Rxf8 23. Bf4 Nf5 24. Re1 Bd4+ 25. Kh1 Qg7 26. Bd5+ Kh8 27. Qd2 Bg4 28. Nb5 Ne7 29. Nxd4 Nxd5 30. Bxd6 Qb7 31. Kg1 Rd8 32. Bxc5 1-0

[Event "Amsterdam Science Park op-A 1st"]
[Site "Amsterdam"]
[Date "2011.07.14"]
[Round "6"]
[White "Sanders, Isaac B"]
[Black "Overeem, Marc"]
[Result "1-0"]
[WhiteElo "2105"]
[BlackElo "2158"]
[PlyCount "77"]
[EventDate "2011.07.09"]
[EventType "swiss"]
[EventRounds "9"]
[EventCountry "NED"]
[SourceTitle "CBM 143 Extra"]
[Source "ChessBase"]
[SourceDate "2011.08.29"]
[SourceVersion "1"]
[SourceVersionDate "2011.08.29"]
[SourceQuality "1"]

1. Nf3 Nf6 2. g3 b5 3. a4 b4 4. Bg2 Bb7 5. 0-0 e6 6. d3 d5 7. Nbd2 Be7 8. Qe1 0-0 9. e4 c5 10. b3 Nc6 11. Bb2 a5 12. Ne5 Nxe5 13. Bxe5 Rc8 14. Qe2 Re8 15. f4 Nd7 16. Bb2 Bf8 17. f5 exf5 18. Rxf5 f6 19. Qf1 d4 20. Re1 Ne5 21. Bh3 Rc7 22. Rf2 Bd6 23. Bc1 Rce7 24. Nb1 Bc6 25. Bf4 Ng6 26. Nd2 Bxf4 27. gxf4 Bd7 28. Bxd7 Qxd7 29. Nc4 Qc7 30. Ree2 h6 31. Kh1 Kh7 32. Qh3 Kg8 33. Qf5 Nf8 34. Re1 Rf7 35. Qh3 Ne6 36. f5 Ng5 37. Qg4 Nh7 38. Rg1 Nf8 39. Qh5 1-0

[Event "Amsterdam Science Park op-A 1st"]
[Site "Amsterdam"]
[Date "2011.07.11"]
[Round "3"]
[White "Overeem, Marc"]
[Black "Haria, Ravi"]
[Result "1-0"]
[WhiteElo "2158"]
[BlackElo "2073"]
[PlyCount "93"]
[EventDate "2011.07.09"]
[EventType "swiss"]
[EventRounds "9"]
[EventCountry "NED"]
[SourceTitle "CBM 143 Extra"]
[Source "ChessBase"]
[SourceDate "2011.08.29"]
[SourceVersion "1"]
[SourceVersionDate "2011.08.29"]
[SourceQuality "1"]

1. c4 Nf6 2. g3 c5 3. Bg2 d5 4. cxd5 Nxd5 5. Nc3 Nc7 6. Nf3 Nc6 7. 0-0 e5 8. a3 f6 9. e3 Be7 10. d4 cxd4 11. exd4 exd4 12. Ne2 Ne6 13. b4 d3 14. Nf4 Nxf4 15. Bxf4 Bg4 16. Qb3 Qd7 17. b5 Bxf3 18. Bxf3 Nd4 19. Qxd3 Nxf3+ 20. Qxf3 0-0 21. a4 Rad8 22. Rad1 Qf5 23. Qxb7 Bc5 24. Qf3 Kh8 25. Kg2 Bb6 26. Bd6 Qxf3+ 27. Kxf3 Rf7 28. Bf4 Rfd7 29. Rxd7 Rxd7 30. Rc1 Kg8 31. Be3 Bxe3 32. Kxe3 Kf7 33. Rc4 Ke6 34. Re4+ Kf5 35. Rd4 Re7+ 36. Kd3 h5 37. a5 Rb7 38. Kc4 g5 39. Kc5 Ke5 40. b6 axb6+ 41. axb6 Rb8 42. g4 hxg4 43. Rxg4 Ke6 44. Kb5 Ra8 45. b7 Rb8 46. Kb6 Kf5 47. Rc4 1-0

[Event "Bussum op 28th"]
[Site "Bussum"]
[Date "2011.06.13"]
[Round "7"]
[White "Ypma, Peter"]
[Black "Overeem, Marc"]
[Result "1-0"]
[WhiteElo "2072"]
[BlackElo "2181"]
[PlyCount "43"]
[EventDate "2011.06.10"]
[EventType "swiss"]
[EventRounds "7"]
[EventCountry "NED"]
[SourceTitle "CBM 142 Extra"]
[Source "ChessBase"]
[SourceDate "2011.06.27"]
[SourceVersion "1"]
[SourceVersionDate "2011.06.27"]
[SourceQuality "1"]

1. e4 c6 2. d4 d5 3. Nc3 dxe4 4. Nxe4 Nd7 5. Nf3 Ngf6 6. Ng3 e6 7. Bc4 c5 8. 0-0 cxd4 9. Nxd4 Nc5 10. Nb5 Bd7 11. Bf4 Nd5 12. Nd6+ Bxd6 13. Bxd6 Qb6 14. Nf5 exf5 15. Qxd5 Ne6 16. Rad1 Qc6 17. Rfe1 Rc8 18. Qe5 Rg8 19. Bd5 Qxc2 20. Bxb7 Rc4 21. Ba3 Rc7 22. Qd6 1-0

[Event "Hoogeveen Unive op"]
[Site "Hoogeveen"]
[Date "2010.10.27"]
[Round "6"]
[White "Overeem, Marc"]
[Black "Hoffman, Ron"]
[Result "0-1"]
[WhiteElo "2224"]
[BlackElo "2123"]
[PlyCount "74"]
[EventDate "2010.10.22"]
[EventType "swiss"]
[EventRounds "9"]
[EventCountry "NED"]
[SourceTitle "EXT 2011"]
[Source "ChessBase"]
[SourceDate "2010.11.26"]
[SourceVersion "1"]
[SourceVersionDate "2010.11.26"]
[SourceQuality "1"]

1. e4 c5 2. Nf3 Nc6 3. Bb5 g6 4. 0-0 Bg7 5. Re1 e5 6. Bxc6 dxc6 7. d3 Nh6 8. Nbd2 0-0 9. Nc4 f6 10. Be3 Qe7 11. h3 Nf7 12. Nfd2 f5 13. exf5 gxf5 14. Qh5 b6 15. f4 Be6 16. fxe5 b5 17. Na5 Nxe5 18. Bf4 Ng6 19. Bh6 Bd4+ 20. Kh1 Qd6 21. Bxf8 Rxf8 22. Nf3 Bd5 23. c4 bxc4 24. dxc4 Be4 25. Rxe4 fxe4 26. Ng5 Qd7 27. Nxe4 Rf5 28. Qg4 Qf7 29. Qe2 Ne5 30. Nd6 Rf2 31. Nxf7 Rxe2 32. Nxe5 Bxe5 33. Nxc6 Bxb2 34. Rb1 Bc3 35. a3 a6 36. Rb3 Be1 37. Ne7+ Rxe7 0-1

[Event "Hoogeveen Unive op"]
[Site "Hoogeveen"]
[Date "2010.10.24"]
[Round "3"]
[White "Vroombout, Enrico"]
[Black "Overeem, Marc"]
[Result "0-1"]
[WhiteElo "2141"]
[BlackElo "2224"]
[PlyCount "44"]
[EventDate "2010.10.22"]
[EventType "swiss"]
[EventRounds "9"]
[EventCountry "NED"]
[SourceTitle "EXT 2011"]
[Source "ChessBase"]
[SourceDate "2010.11.26"]
[SourceVersion "1"]
[SourceVersionDate "2010.11.26"]
[SourceQuality "1"]

1. e4 e6 2. d4 d5 3. exd5 exd5 4. Bd3 Nc6 5. c3 Bd6 6. Nf3 Nge7 7. 0-0 Bg4 8. Nbd2 Qd7 9. Re1 0-0-0 10. Qc2 Kb8 11. b4 Rde8 12. b5 Nd8 13. a4 Ng6 14. a5 Nf4 15. Ne5 Bxe5 16. dxe5 f6 17. b6 fxe5 18. bxa7+ Ka8 19. Bf1 Bf5 20. Qa2 Bd3 21. Nf3 Bxf1 22. Bxf4 Bc4 0-1

[Event "Gibraltar Masters 8th"]
[Site "Caleta"]
[Date "2010.02.02"]
[Round "8"]
[White "Overeem, Marc"]
[Black "Obiamiwe, Paul"]
[Result "1-0"]
[WhiteElo "2245"]
[BlackElo "2046"]
[PlyCount "77"]
[EventDate "2010.01.26"]
[EventType "swiss"]
[EventRounds "10"]
[EventCountry "GGB"]
[SourceTitle "CBM 134 Extra"]
[Source "ChessBase"]
[SourceDate "2010.03.03"]
[SourceVersion "1"]
[SourceVersionDate "2010.03.03"]
[SourceQuality "1"]

1. c4 Nf6 2. Nc3 g6 3. e4 d6 4. d4 Bg7 5. f3 0-0 6. Be3 Nc6 7. Nge2 a6 8. Qd2 Rb8 9. h4 h5 10. Nc1 e5 11. d5 Nd4 12. Nb3 Nxb3 13. axb3 c6 14. Be2 cxd5 15. cxd5 Nd7 16. g4 Nf6 17. Rg1 Bd7 18. g5 Ne8 19. 0-0-0 b5 20. Kb1 Qa5 21. Na2 b4 22. Rc1 Nc7 23. Rc4 Bb5 24. Rxb4 Ra8 25. Rc1 Bxe2 26. Bb6 Qxb4 27. Nxb4 Bxf3 28. Bxc7 Bxe4+ 29. Ka2 a5 30. Nc6 a4 31. b4 f5 32. b5 Rf7 33. b6 Re8 34. Nd8 Rxd8 35. Bxd8 Rb7 36. Rc8 Kh7 37. Rc7 Rb8 38. Bf6 Rg8 39. b7 1-0